000 00826nam a2200229Ii 4500
003 JO-AjNU
008 230605s9999||||xx |||||||||||||| ||und||
017 _a1994/1/113
040 _aJO-AjNU
_bara
_erda
_cJO-AjNU
041 _aara
050 1 4 _aKMM51.N5488.2002
100 3 _a نجم ، محمد صبحي ,
_eauthor
_931302
245 0 0 _aالجرائم الواقعة على الأشخاص
250 _aط1
264 3 1 _aعمان : مكتبة دار الثقافة ، 2002
300 _a279ص
_bيشتمل على مراجع ص ( 274 - 276)
336 _atext
_btxt
_2rdacontent
337 _aunmediated
_bn
_2rdamedia
338 _avolume
_bnc
_2rdacarrier
490 0 _aالمكتبة القانونية (436)
650 4 _aقانون العقوبات -- الجرائم الواقعة على الأشخاص
_931303
999 _aA12507
_c16075
_d16075